| 000 | 00763cam a2200193 i 4500 | ||
|---|---|---|---|
| 005 | 20260108101322.0 | ||
| 008 | 250721s1986 xx gr 000 0 ara d | ||
| 041 | 1 |
_aara _heng |
|
| 082 | 1 | 4 |
_a235.2 _bه و ل |
| 100 | 1 |
_aهولزنز، جوزيف _eمؤلف. |
|
| 245 | 1 | 0 |
_aبولس الرسول / _cللكاتب جوزيف هولزنز ؛ ترجمة البطريرك الياس الرابع. |
| 250 | _aالطبعة الثانية، مزيدة ومرفقة باللوحات والخرائط. | ||
| 264 | 3 | 1 |
_aبيروت : _bمعهد القديس يوحنا الدمشقي الآهوتي، _c1986. |
| 300 | _a574 صفحة. | ||
| 650 | 1 | 7 | _aالقديسون. |
| 700 | 1 |
_aالرابع، إلياس _eمترجم. |
|
| 942 |
_2ddc _cBK |
||
| 999 |
_c11019 _d11019 |
||